| 000 | 00351nam a2200133Ia 4500 | ||
|---|---|---|---|
| 008 | 230917s9999||||xx |||||||||||||| ||und|| | ||
| 040 |
_e114713 _aMAIN |
||
| 041 | _aEnglish | ||
| 082 | _a809.2 N526W | ||
| 245 | 0 | _aEncyclopaedia of world great literary critics. 2V | |
| 260 |
_aNew Delhi _bAnmol Publications _c2008 |
||
| 300 | _a594 p. | ||
| 942 | _cBK | ||
| 999 |
_c140700 _d140700 |
||